Szczegóły MARC21

Umowa o roboty budowlane : ze szczególnym uwzględnieniem aspektów podatkowych /

003 -Nazwa inst., której nr kontr. jest w polu 001 [,]
    • @
    • Nazwa instytucji, której n kontrolny jest w polu 001
    • NUKAT
005 -DATA I CZAS OSTATNIEJ MODYFIKACJI [,]
    • @
    • pole kontrolne
    • 20241231115729.0
020 -Międzynarod. znormalizowany nr książki - ISBN [ , ]
    • a
    • Numer ISBN
    • 8374261765 Find
040 -Instytucja sporządzająca opis [ , ]
    • a
    • Instytucja, która sporządziła opis (NP)
    • Ł U/BM
    • c
    • Instytucja, która sporządziła rekord (NP)
    • Ł U/BM
    • d
    • Instytucja, która zmodyfikowała rekord (P)
    • Ł U/MK
    • d
    • Instytucja, która zmodyfikowała rekord (P)
    • Ł U/MSs
942 -Rodzaj dokumentu [ , ]
    • c
    • Rodzaj dokumentu
    • Książka
245 -Strefa tytułu i oznaczenia odpowiedzialności [0,0]
    • a
    • Tytuł
    • Umowa o roboty budowlane : Find
    • b
    • Ciąg dalszy tytułu (NP)
    • ze szczególnym uwzględnieniem aspektów podatkowych / Find
    • c
    • Pozostałe elementy strefy tytułu i oznaczenia odpowiedzialności (NP)
    • pod red. Marcina Jamrożego ; [Marcin Jamroży et al.].
260 -Strefa adresu wydawniczego [ , ]
    • a
    • Miejsce wydania (P)
    • Gdańsk :
    • b
    • Nazwa wydawcy (P)
    • Ośrodek Doradztwa i Doskonalenia Kadr,
    • c
    • Data wydania (P)
    • 2005.
300 -Strefa opisu fizycznego [ , ]
    • a
    • Określenie formy książki i/lub objętość (NP)
    • 252 s. ;
    • c
    • Format (NP)
    • 24 cm.
336 -Typ zawartości [ , ]
    • a
    • Termin opisujący typ zawartości
    • Tekst
    • b
    • Kod określający zawartość
    • txt
    • 2
    • Źródło (terminu i kodu)
    • rdacontent
337 -Typ mediów [ , ]
    • a
    • Tryb odtwarzania
    • Bez urządzenia pośredniczącego
    • b
    • Kod typu mediów
    • n
    • 2
    • Źródło (terminu i kodu)
    • rdamedia
338 -Typ/rodzaj nośnika [ , ]
    • a
    • Hasło opisujące typ nośnika
    • Wolumin
    • b
    • Kod typu nośnika
    • nc
    • 2
    • Źródło (terminu i kodu)
    • rdacarrier
500 -Uwaga ogólna [ , ]
    • a
    • Uwaga ogólna (NP)
    • Na s tyt. i okł.: nazwa Grupy Rödl & Partner.
504 -Uwaga dot. bibliogr. załącznikowej [ , ]
    • a
    • Uwaga dot. bibliografii załącznikowej
    • Wykaz aktów prawnych i pozostałych źródeł s. 245-252.
650 -Hasło przedmiotowe [ ,7]
    • a
    • Hasło przedmiotowe
    • Budownictwo
    • x
    • Określnik rzeczowy
    • podatki
    • x
    • Określnik rzeczowy
    • prawo
    • z
    • Określnik geograficzny
    • Polska
    • v
    • Określnik formalny
    • poradniki.
    • 2
    • Źródło terminu
    • kaba
    • 9
    • KHW
    • 428107
650 -Hasło przedmiotowe [ ,7]
    • a
    • Hasło przedmiotowe
    • Budownictwo
    • x
    • Określnik rzeczowy
    • umowy i kosztorysy opisowe
    • z
    • Określnik geograficzny
    • Polska
    • v
    • Określnik formalny
    • poradniki.
    • 2
    • Źródło terminu
    • kaba
    • 9
    • KHW
    • 352070
700 -Hasło dodatkowe - nazwa osobowa [1, ]
    • a
    • Nazwa osobowa (NP)
    • Jamroży, Marcin. Find
    • e
    • Określenie rodzaju współpracy
    • Red.
    • 9
    • KHW
    • 610
710 -Hasło dodatkowe - nazwa ciała zbiorowego [2, ]
    • a
    • Nazwa ciała zbiorowego lub nazwa geograficzna jako pierwszy element (NP)
    • Ośrodek Doradztwa i Doskonalenia Kadr (Gdańsk).
    • 4
    • Kod relacji
    • pbl
    • 9
    • KHW
    • 53467
920 -ISBN [ , ]
    • a
    • ISBN
    • 83-7426-176-5 Find
Lokalizacja Data inwentaryzacji Sygnatura Numer inwentarzowy Status udost.
BE2018-04-19 E.78349-2
BE2017-10-05349.44GW.9189-3